Normal view
MARC view
- القرالة، فيصل عبد الكريم سلامة
Entry Personal Name
001 - CONTROL NUMBER
- control field: 47721
003 - CONTROL NUMBER IDENTIFIER
- control field: JO-AjAnu
005 - DATE AND TIME OF LATEST TRANSACTION
- control field: 20230606081857.0
008 - FIXED-LENGTH DATA ELEMENTS
- fixed length control field: 230606|| aca||aabn | a|a d
040 ## - CATALOGING SOURCE
- Original cataloging agency: JO-AjAnu
- Transcribing agency: JO-AjAnu
100 ## - HEADING--PERSONAL NAME
- Personal name: القرالة، فيصل عبد الكريم سلامة
670 ## - SOURCE DATA FOUND
- Source citation: Work cat.: (JO-AjAnu)24420: القرالة، فيصل عبد الكريم سلامة, author, التعليم في الكرك في عهد الإمارة من عام 1921-1946م